| 000 | 02005nam a2200385 a 4500 | ||
|---|---|---|---|
| 001 | 015382625 | ||
| 003 | Uk | ||
| 005 | 20100701144722.0 | ||
| 008 | 090514s2010 njua b 001 0 eng|d | ||
| 020 | _a0470400307 (pbk.) : | ||
| 020 | _a9780470400302 (pbk.) : | ||
| 082 | 0 | 4 |
_a003 _222 _bDEN |
| 100 | 1 |
_aDennis, Alan. _929373 |
|
| 245 | 1 | 0 |
_aSystems Analysis and Design with UML : _ban Object-Oriented Approach / _cAlan Dennis, Barbara Haley Wixom, David Tegarden. |
| 250 | _a3rd ed., International student version. | ||
| 260 |
_aHoboken, N.J. : _bWiley, _cc2010. |
||
| 300 |
_axviii, 581 p. : _bill. ; _c26 cm. |
||
| 504 | _aIncludes bibliographical references and index. | ||
| 650 | 0 |
_aSystem analysis. _929374 |
|
| 650 | 0 |
_aSystem design. _929375 |
|
| 650 | 0 |
_aUML (Computer science) _929376 |
|
| 653 |
_bCS _cMarch2012 |
||
| 700 | 1 |
_aWixom, Barbara Haley, _d1969- _929377 |
|
| 700 | 1 |
_aTegarden, David Paul. _929378 |
|
| 942 |
_2ddc _cBB |
||
| 999 |
_c16581 _d16581 |
||